[Event "Canada Int. op U1500"]
[Site "Contrecoeur CAN"]
[Date "2022.10.08"]
[Round "2.60"]
[White "Hu, Richard"]
[Black "Chira, Dan"]
[Result "0-1"]
[WhiteElo "1201"]
[BlackElo "1372"]
[PlyCount "62"]
[EventDate "2022.10.07"]
[EventType "swiss"]
[EventRounds "5"]
[EventCountry "CAN"]

1. e4 e5 2. Nf3 Nc6 3. Nc3 Nf6 4. Bb5 d6 5. d4 Bd7 6. Bg5 Be7 7. dxe5 Nxe5 8.
Bxd7+ Nfxd7 9. Bxe7 Qxe7 10. Nd4 O-O 11. f4 Ng6 12. O-O a6 13. Qd3 Nc5 14. Qf3
Rae8 15. Rae1 Ne6 16. Nxe6 fxe6 17. Qe3 c6 18. Qd2 Qc7 19. f5 exf5 20. Rxf5 Qe7
21. Rxf8+ Rxf8 22. a4 Ne5 23. b4 Ng4 24. h3 Nf6 25. b5 axb5 26. axb5 Qe5 27.
bxc6 bxc6 28. Kh1 Nh5 29. Qe3 Ng3+ 30. Kg1 d5 31. exd5 Rf1+ 0-1

[Event "Canada Int. op U1500"]
[Site "Contrecoeur CAN"]
[Date "2022.10.08"]
[Round "2.61"]
[White "Fallet, Maurice"]
[Black "Gougeon, Patrick"]
[Result "1-0"]
[WhiteElo "1242"]
[BlackElo "1181"]
[PlyCount "77"]
[EventDate "2022.10.07"]
[EventType "swiss"]
[EventRounds "5"]
[EventCountry "CAN"]

1. d4 f5 2. c4 Nf6 3. Nc3 g6 4. g3 Bg7 5. Bg2 O-O 6. e3 d6 7. Nge2 e5 8. dxe5
dxe5 9. O-O c6 10. b3 Qc7 11. Qc2 a5 12. Bb2 Na6 13. a3 Be6 14. Rad1 Rad8 15.
Kh1 Nc5 16. b4 Ncd7 17. c5 Nh5 18. Rd6 Rfe8 19. Rfd1 Bf8 20. R6d2 Nhf6 21. h3
axb4 22. axb4 b5 23. Kg1 Bg7 24. Ra1 Bf8 25. Ra6 Nb8 26. Ra3 Rxd2 27. Qxd2 Rd8
28. Qc1 Bc4 29. Bf1 Bd3 30. Qa1 Bg7 31. Ra7 Qc8 32. Nxb5 Bxb5 33. Bxe5 Rd7 34.
Bxb8 Qxb8 35. Ra8 Qxa8 36. Qxa8+ Bf8 37. Nd4 Bxf1 38. Kxf1 Nd5 39. Qxc6 1-0

[Event "Canada Int. op U1500"]
[Site "Contrecoeur CAN"]
[Date "2022.10.08"]
[Round "2.62"]
[White "Tremblay, Xavier"]
[Black "Laperle, Benjamin"]
[Result "0-1"]
[WhiteElo "1146"]
[BlackElo "1216"]
[PlyCount "112"]
[EventDate "2022.10.07"]
[EventType "swiss"]
[EventRounds "5"]
[EventCountry "CAN"]

1. e4 c5 2. Nf3 Nc6 3. d4 cxd4 4. Nxd4 g6 5. Nc3 Bg7 6. Be3 Nf6 7. f4 d6 8. Be2
O-O 9. Qd2 a6 10. h3 Qc7 11. Nxc6 Qxc6 12. Bf3 Qc7 13. f5 gxf5 14. Bh6 Bxh6 15.
Qxh6 Qa5 16. Qg5+ Kh8 17. O-O-O Rg8 18. Qe3 fxe4 19. Bxe4 Qg5 20. Qxg5 Rxg5 21.
Bf3 Rb8 22. Rhe1 Be6 23. h4 Rgg8 24. Re2 Ng4 25. Ne4 h6 26. Nf2 Ne5 27. Nd3
Nxf3 28. gxf3 Rg6 29. Rde1 Rf6 30. Re3 Rg8 31. R1e2 Rg1+ 32. Re1 Rxe1+ 33. Nxe1
Kg7 34. b3 Kf8 35. a4 Bd7 36. Kd2 Bc6 37. Ke2 Rg6 38. Kf2 e5 39. c4 f6 40. b4
Bxa4 41. Nd3 Bc6 42. Nb2 Ke7 43. Nd1 d5 44. cxd5 Bxd5 45. Rd3 Bc6 46. Ne3 Ke6
47. Rc3 f5 48. Rc5 Rg8 49. Ra5 Rd8 50. Nc4 Bb5 51. Na3 b6 52. Nxb5 bxa5 53.
Nc7+ Kd6 54. Nxa6 Ra8 55. b5 Rxa6 56. bxa6 Kc6 0-1

[Event "Canada Int. op U1500"]
[Site "Contrecoeur CAN"]
[Date "2022.10.08"]
[Round "2.63"]
[White "Laporte, Michel"]
[Black "Fournier, Mathieu"]
[Result "1-0"]
[WhiteElo "1466"]
[BlackElo "1214"]
[PlyCount "73"]
[EventDate "2022.10.07"]
[EventType "swiss"]
[EventRounds "5"]
[EventCountry "CAN"]

1. d4 Nf6 2. Nf3 d5 3. e3 Bg4 4. Nbd2 e6 5. b3 Bb4 6. Bd3 O-O 7. O-O Nbd7 8. h3
Bc3 9. Rb1 Bh5 10. g4 Nxg4 11. hxg4 Bxg4 12. Be2 Bh3 13. Re1 Qf6 14. Kh1 Qh6
15. Nh2 f5 16. Rg1 Nf6 17. Rg3 Bxd2 18. Bxd2 Ne4 19. Rf3 Bg4 20. Rf4 g5 21.
Rxe4 Bxe2 22. Qxe2 fxe4 23. Kg2 Rf5 24. Ng4 Qf8 25. Rh1 Kh8 26. Ne5 Qg7 27. Bb4
Rg8 28. Ng4 Rf3 29. Qb5 c6 30. Qa4 a6 31. Bd6 Rf5 32. Nh6 Rxf2+ 33. Kxf2 Qf6+
34. Ke1 Qf3 35. Be5+ Rg7 36. Rf1 Qxe3+ 37. Kd1 1-0

[Event "Canada Int. op U1500"]
[Site "Contrecoeur CAN"]
[Date "2022.10.08"]
[Round "2.64"]
[White "Couture, Francois"]
[Black "Breton, Jules"]
[Result "0-1"]
[WhiteElo "1188"]
[BlackElo "1445"]
[PlyCount "158"]
[EventDate "2022.10.07"]
[EventType "swiss"]
[EventRounds "5"]
[EventCountry "CAN"]

1. d4 d5 2. c4 Nf6 3. Nf3 h6 4. Nc3 e6 5. a3 a6 6. cxd5 exd5 7. h3 c5 8. Qc2
Nc6 9. e3 Be7 10. Be2 O-O 11. O-O Re8 12. b3 Be6 13. Bb2 Qc8 14. Rad1 Rb8 15.
dxc5 Bxc5 16. b4 Be7 17. Nd4 Nxd4 18. exd4 b5 19. Bd3 Qc7 20. Rc1 Qf4 21. Ne2
Qd6 22. Qc6 Ne4 23. Qc2 Rbc8 24. Bc3 f5 25. Bxe4 dxe4 26. Qb1 Bc4 27. Rfe1 Bg5
28. Rc2 Bd3 29. Qb3+ Bc4 30. Qb2 Qd5 31. Bd2 Bf6 32. Bc3 g5 33. Ng3 f4 34. Nf1
h5 35. Nd2 Kg7 36. Nxc4 Rxc4 37. f3 e3 38. Rd1 e2 39. Rxe2 Rxe2 40. Qxe2 Rxc3
41. Kf1 Qc4 42. Qxc4 Rxc4 43. d5 Kf7 44. Re1 Rc3 45. Ra1 Rd3 46. Rc1 Rc3 47.
Ra1 Bd4 48. Rd1 Be3 49. Ke2 Ke7 50. d6+ Kd7 51. Rd5 Rc2+ 52. Kf1 Rf2+ 53. Ke1
Rxg2 54. Rf5 Bd4 55. Kf1 Rg3 56. a4 bxa4 57. Ra5 Kxd6 58. Rxa6+ Kc7 59. Rxa4
Rxf3+ 60. Kg2 Rg3+ 61. Kh2 h4 62. b5 Bb6 63. Rc4+ Kb7 64. Rc6 Rb3 65. Rg6 Rxb5
66. Kg2 Ka6 67. Kf3 Ka5 68. Rg8 Kb4 69. Re8 Ka3 70. Re6 Ba5 71. Rd6 Rb3+ 72.
Kg4 Rg3+ 73. Kh5 f3 74. Rf6 Kb3 75. Rf5 Bd2 76. Rb5+ Kc4 77. Rf5 Kd4 78. Rxf3
Rxf3 79. Kg4 Rg3+ 0-1

[Event "Canada Int. op U1500"]
[Site "Contrecoeur CAN"]
[Date "2022.10.08"]
[Round "2.65"]
[White "De Guise, Ronald"]
[Black "Lauzon, Francois"]
[Result "1-0"]
[WhiteElo "1294"]
[BlackElo "1204"]
[PlyCount "149"]
[EventDate "2022.10.07"]
[EventType "swiss"]
[EventRounds "5"]
[EventCountry "CAN"]

1. e4 c6 2. Nf3 d5 3. e5 Bg4 4. d4 e6 5. Be2 Ne7 6. Bg5 h6 7. Bh4 Nd7 8. Nc3 g5
9. Bg3 Nf5 10. a3 Nxg3 11. fxg3 c5 12. O-O cxd4 13. Nxd4 Bxe2 14. Qxe2 Bc5 15.
Qe3 a6 16. b4 Ba7 17. Nce2 Qc7 18. c3 Nxe5 19. h3 O-O-O 20. Kh1 Rhf8 21. Rf6
Nc4 22. Qf3 Rde8 23. Nxe6 Rxe6 24. Rxe6 Qd7 25. Rxh6 Be3 26. g4 Kb8 27. Rd1 Bd2
28. Nd4 Qa4 29. Ra1 Qd7 30. Ne6 Re8 31. Nc5 Qd8 32. Qxf7 Re7 33. Qh5 Ka7 34.
Ne6 Qd7 35. Nc5 Qd8 36. Rh7 Qe8 37. Qxe8 Rxe8 38. Rxb7+ Ka8 39. Rd7 Nb6 40. Rd6
Ka7 41. Rf1 Re7 42. g3 Bxc3 43. Rff6 Re1+ 44. Kg2 Bxf6 45. Rxf6 Re7 46. h4 gxh4
47. gxh4 d4 48. Rf4 Re2+ 49. Kf1 Rd2 50. Ke1 Nc4 51. Nb3 Ra2 52. Nxd4 Ne3 53.
Re4 Ng2+ 54. Kd1 Nxh4 55. g5 Rg2 56. Rxh4 Rxg5 57. Kc2 Rg3 58. Kb2 Kb6 59. Rh6+
Kb7 60. a4 Rg4 61. Kc3 Rg1 62. a5 Rc1+ 63. Nc2 Kc7 64. Rxa6 Kb7 65. b5 Rb1 66.
Rb6+ Ka7 67. Na3 Rc1+ 68. Kb2 Rc7 69. Kb3 Rc8 70. Nc4 Ka8 71. Re6 Rc5 72. Kb4
Rc7 73. b6 Rg7 74. a6 Rd7 75. Re8+ 1-0

[Event "Canada Int. op U1500"]
[Site "Contrecoeur CAN"]
[Date "2022.10.08"]
[Round "2.66"]
[White "Sison, Hubert"]
[Black "Perron, Bernard"]
[Result "1-0"]
[WhiteElo "1273"]
[BlackElo "1032"]
[PlyCount "111"]
[EventDate "2022.10.07"]
[EventType "swiss"]
[EventRounds "5"]
[EventCountry "CAN"]

1. e4 e6 2. Nf3 Nc6 3. g3 Nge7 4. Bg2 d5 5. Nc3 d4 6. Nb5 a6 7. Na3 b5 8. O-O
Bb7 9. d3 e5 10. Bg5 h6 11. Bd2 Ng6 12. c3 Be7 13. Nc2 dxc3 14. Bxc3 b4 15. Be1
O-O 16. Ne3 Nd4 17. Nxd4 Qxd4 18. Nf5 Qxb2 19. Nxe7+ Nxe7 20. Bxb4 Qxb4 21. Rb1
Qa5 22. Rxb7 Nc6 23. Qc2 Nd4 24. Qxc7 Ne2+ 25. Kh1 Qxa2 26. Qxe5 Rae8 27. Qb2
Qxb2 28. Rxb2 Nd4 29. Ra2 Ra8 30. Rfa1 Nb3 31. Rb1 Nc5 32. d4 Nd3 33. Bf1 Rab8
34. Bxd3 Rxb1+ 35. Bxb1 Rb8 36. Bd3 Rb4 37. d5 g6 38. Kg2 Rd4 39. Bxa6 Rxe4 40.
Rd2 Ra4 41. Bb7 Rb4 42. Bc8 Rc4 43. Bh3 Rb4 44. d6 Rb8 45. Bd7 Rd8 46. Bc6 Kf8
47. d7 Ke7 48. Re2+ Kd6 49. Re8 Rxd7 50. Bxd7 Kxd7 51. Re1 h5 52. h4 f6 53. f3
Kd6 54. g4 hxg4 55. fxg4 Kd5 56. h5 1-0

[Event "Canada Int. op U1500"]
[Site "Contrecoeur CAN"]
[Date "2022.10.08"]
[Round "3.49"]
[White "St-Germain, Jack"]
[Black "Perusse, Jacques"]
[Result "1-0"]
[WhiteElo "1461"]
[BlackElo "1408"]
[PlyCount "93"]
[EventDate "2022.10.07"]
[EventType "swiss"]
[EventRounds "5"]
[EventCountry "CAN"]

1. e4 d5 2. exd5 Nf6 3. Nc3 Nxd5 4. Bc4 c6 5. d4 Bf5 6. Nxd5 cxd5 7. Bd3 Bg6 8.
h4 Qa5+ 9. c3 Qb6 10. h5 Bxd3 11. Qxd3 h6 12. Nf3 Nd7 13. Bf4 e6 14. Ne5 Nxe5
15. Bxe5 O-O-O 16. O-O-O f6 17. Bg3 Bd6 18. Qg6 Rd7 19. Rhe1 Re7 20. Re2 Rhe8
21. Rde1 Qc7 22. Bxd6 Qxd6 23. Qg4 Kd8 24. f4 f5 25. Qg3 Rf8 26. Re5 Qc6 27.
Qh4 Rf6 28. g4 fxg4 29. f5 Kd7 30. fxe6+ Kc7 31. Qxg4 Qe8 32. Qg3 Kc6 33. Qg2
Qd8 34. c4 Kb6 35. Qxd5 Qxd5 36. cxd5 Kc7 37. R1e2 Kd6 38. Kd2 g5 39. hxg6 Rxg6
40. Rf2 Rgg7 41. Ke3 Rh7 42. Rh5 b5 43. Rc2 Rc7 44. Rxc7 Kxc7 45. Ke4 Kd6 46.
Kf5 Re7 47. Kf6 1-0

[Event "Canada Int. op U1500"]
[Site "Contrecoeur CAN"]
[Date "2022.10.08"]
[Round "3.50"]
[White "Jutras, Arnaud"]
[Black "Moisan, Pier-Philippe"]
[Result "1-0"]
[WhiteElo "1457"]
[BlackElo "1397"]
[PlyCount "61"]
[EventDate "2022.10.07"]
[EventType "swiss"]
[EventRounds "5"]
[EventCountry "CAN"]

1. c4 e6 2. Nf3 Nf6 3. g3 d5 4. d4 c5 5. cxd5 exd5 6. Bg2 Nc6 7. O-O Bf5 8. Nc3
c4 9. Bg5 Be7 10. Ne5 Be6 11. Qa4 Rc8 12. Nxc6 bxc6 13. Qxa7 Ra8 14. Qb7 Bd7
15. e4 O-O 16. exd5 Rb8 17. Qa6 Ra8 18. Qxc4 cxd5 19. Qd3 Be6 20. a3 Bc8 21. b4
g6 22. Bxf6 Bf5 23. Qd2 Bxf6 24. Nxd5 Rc8 25. Nxf6+ Qxf6 26. Rfc1 Qb6 27. a4
Rxc1+ 28. Rxc1 Rd8 29. d5 Bd7 30. a5 Qd6 31. Qd4 1-0

[Event "Canada Int. op U1500"]
[Site "Contrecoeur CAN"]
[Date "2022.10.08"]
[Round "3.52"]
[White "Houde Belle-Isle, Raphael"]
[Black "Mourad, Michel"]
[Result "0-1"]
[WhiteElo "1418"]
[BlackElo "1235"]
[PlyCount "92"]
[EventDate "2022.10.07"]
[EventType "swiss"]
[EventRounds "5"]
[EventCountry "CAN"]

1. e4 e5 2. Nf3 Nf6 3. Nc3 Nc6 4. Bc4 Nxe4 5. Nxe4 d5 6. Bd3 dxe4 7. Bxe4 Bd6
8. c3 O-O 9. O-O Be6 10. Re1 f6 11. d4 Bf7 12. Qc2 h6 13. Be3 exd4 14. Bxd4
Nxd4 15. Nxd4 c6 16. Rad1 Qc7 17. g3 Rad8 18. a3 Bc5 19. b4 Bxd4 20. Rxd4 Rxd4
21. cxd4 Re8 22. Bh7+ Kh8 23. Rxe8+ Bxe8 24. Bg6 Bxg6 25. Qxg6 Qd7 26. Qe4 Kg8
27. Kg2 Kf7 28. f4 Qe6 29. Qd3 f5 30. h4 Qe4+ 31. Qxe4 fxe4 32. Kf2 Ke6 33. Ke3
Kf5 34. a4 Kg4 35. Kxe4 Kxg3 36. Ke5 Kxh4 37. b5 Kg4 38. a5 a6 39. bxc6 bxc6
40. Kd6 h5 41. Kxc6 h4 42. d5 h3 43. d6 h2 44. d7 h1=Q+ 45. Kc7 Qc1+ 46. Kb7
Qd2 0-1

[Event "Canada Int. op U1500"]
[Site "Contrecoeur CAN"]
[Date "2022.10.08"]
[Round "3.53"]
[White "Auersperg, Leo"]
[Black "Fallet, Maurice"]
[Result "1-0"]
[WhiteElo "1481"]
[BlackElo "1242"]
[PlyCount "65"]
[EventDate "2022.10.07"]
[EventType "swiss"]
[EventRounds "5"]
[EventCountry "CAN"]

1. e4 d6 2. d4 Nf6 3. Bd3 g6 4. Nf3 Bg7 5. Qe2 Nc6 6. c4 Bg4 7. Be3 O-O 8. h3
Bd7 9. Nc3 a6 10. a3 Na7 11. b4 c5 12. dxc5 Nh5 13. Qd2 dxc5 14. Bxc5 Nf4 15.
Rc1 Ne6 16. Be3 Re8 17. Nd5 Nc8 18. Bh6 Bh8 19. h4 Nb6 20. h5 Rc8 21. hxg6 fxg6
22. Qe3 Na4 23. Ng5 Bd4 24. Qf3 Nxg5 25. Bxg5 Be6 26. Qh3 Bxf2+ 27. Kxf2 Rf8+
28. Ke1 Rf7 29. Qh4 Bxd5 30. exd5 Qd6 31. Qh3 Qe5+ 32. Be3 Rcf8 33. Kd2 1-0

[Event "Canada Int. op U1500"]
[Site "Contrecoeur CAN"]
[Date "2022.10.08"]
[Round "3.54"]
[White "Chira, Dan"]
[Black "Bergeron, Jean-Guy"]
[Result "0-1"]
[WhiteElo "1372"]
[BlackElo "1441"]
[PlyCount "104"]
[EventDate "2022.10.07"]
[EventType "swiss"]
[EventRounds "5"]
[EventCountry "CAN"]

1. d4 Nc6 2. Nf3 d5 3. Bf4 e6 4. e3 Bd6 5. Bg5 f6 6. Bh4 g5 7. Bg3 h5 8. Bd3
Nge7 9. h4 g4 10. Nfd2 Bxg3 11. fxg3 Qd6 12. Kf2 O-O 13. Qe1 e5 14. c3 e4 15.
Bc2 Nf5 16. Kg1 Nxg3 17. Rh2 f5 18. Bb3 Kg7 19. c4 f4 20. c5 Qf6 21. Nc3 fxe3
22. Qxe3 Qxd4 23. Qxd4+ Nxd4 24. Bxd5 e3 25. Nf1 Nc2 26. Rc1 e2 27. Nxg3 e1=Q+
28. Rxe1 Nxe1 29. Nxh5+ Kh6 30. Ng3 Nd3 31. Nge4 c6 32. Bb3 Bf5 33. g3 Bxe4 34.
Nxe4 Rf3 35. Bd1 Re3 36. Re2 Rxe2 37. Bxe2 Ne5 38. Nf6 Kg6 39. Nxg4 Nxg4 40.
Bxg4 Rd8 41. a4 Rd4 42. Bc8 Rb4 43. b3 Rxb3 44. Kg2 b6 45. cxb6 axb6 46. Bd7 c5
47. g4 c4 48. Kf2 c3 49. Ke3 Rb2 50. Bf5+ Kg7 51. Be4 Ra2 52. Bc6 Rh2 0-1

[Event "Canada Int. op U1500"]
[Site "Contrecoeur CAN"]
[Date "2022.10.08"]
[Round "3.55"]
[White "Laperle, Benjamin"]
[Black "Wilson, Renald"]
[Result "1-0"]
[WhiteElo "1216"]
[BlackElo "1397"]
[PlyCount "95"]
[EventDate "2022.10.07"]
[EventType "swiss"]
[EventRounds "5"]
[EventCountry "CAN"]

1. e4 c5 2. Nf3 Nc6 3. c3 e5 4. d4 cxd4 5. cxd4 exd4 6. Nxd4 Nf6 7. Nxc6 bxc6
8. Bd3 Be7 9. O-O O-O 10. Nc3 Qc7 11. Re1 d5 12. exd5 Ng4 13. g3 Bc5 14. Ne4
Bb6 15. Bf4 Qd7 16. dxc6 Qd4 17. Qc2 Kh8 18. h3 Nf6 19. Be3 Qe5 20. Bxb6 axb6
21. Nxf6 Qxf6 22. Bf1 Bf5 23. Qc3 Qh6 24. g4 Qg6 25. Qg3 Be4 26. c7 Rfc8 27.
Bg2 Bxg2 28. Qxg2 Ra7 29. Rec1 h6 30. Qd5 Kh7 31. Qd7 Qe6 32. Qxe6 fxe6 33. Rc6
Raxc7 34. Rxb6 e5 35. Rb5 Re8 36. Re1 e4 37. Rb4 Rce7 38. Kg2 Re6 39. a4 e3 40.
fxe3 Rxe3 41. Rxe3 Rxe3 42. a5 g5 43. a6 Re8 44. a7 Ra8 45. Rb7+ Kg6 46. b4 Kf6
47. b5 Ke6 48. b6 1-0

[Event "Canada Int. op U1500"]
[Site "Contrecoeur CAN"]
[Date "2022.10.08"]
[Round "3.56"]
[White "Laporte, Michel"]
[Black "Grenier, Julien"]
[Result "1/2-1/2"]
[WhiteElo "1466"]
[BlackElo "1351"]
[PlyCount "95"]
[EventDate "2022.10.07"]
[EventType "swiss"]
[EventRounds "5"]
[EventCountry "CAN"]

1. d4 Nf6 2. Nf3 d5 3. e3 c5 4. b3 Nc6 5. Bd3 Bg4 6. Bb2 cxd4 7. exd4 e6 8.
Nbd2 Bd6 9. O-O Qc7 10. h3 h5 11. hxg4 hxg4 12. Ne5 Bxe5 13. dxe5 Nxe5 14. Bb5+
Nfd7 15. g3 O-O-O 16. Bxd7+ Kxd7 17. Bxe5 Qxe5 18. Qxg4 Rh7 19. Qa4+ Kc8 20.
Kg2 Rdh8 21. Rh1 Rxh1 22. Rxh1 Rxh1 23. Kxh1 Qe1+ 24. Kg2 Qxd2 25. Qe8+ Kc7 26.
Qxf7+ Kd6 27. Qxb7 Qd4 28. Qa6+ Ke5 29. Qe2+ Qe4+ 30. Kf1 Qxe2+ 31. Kxe2 Kd4
32. f4 Kc3 33. Kd1 a5 34. a3 d4 35. g4 d3 36. cxd3 Kxd3 37. b4 axb4 38. a4 b3
39. Kc1 Kc4 40. Kb2 Kb4 41. a5 Kxa5 42. Kxb3 Kb5 43. Kc3 Kc5 44. Kd3 Kd5 45.
Ke3 g6 46. g5 e5 47. Kf3 exf4 48. Kxf4 1/2-1/2

[Event "Canada Int. op U1500"]
[Site "Contrecoeur CAN"]
[Date "2022.10.08"]
[Round "3.57"]
[White "De Guise, Ronald"]
[Black "Fontaine, Real"]
[Result "1-0"]
[WhiteElo "1294"]
[BlackElo "1458"]
[PlyCount "85"]
[EventDate "2022.10.07"]
[EventType "swiss"]
[EventRounds "5"]
[EventCountry "CAN"]

1. e4 g6 2. Nf3 Bg7 3. d4 d6 4. Nc3 e6 5. Be2 b6 6. O-O Bb7 7. a3 a6 8. b4 Nd7
9. Bb2 Ne7 10. Bd3 h6 11. Qe2 g5 12. b5 a5 13. Rfd1 Nf8 14. Rab1 Nfg6 15. g3 g4
16. Ne1 h5 17. e5 Bf3 18. Nxf3 gxf3 19. Qxf3 d5 20. a4 Ng8 21. Ba3 Qg5 22. Bc1
Nh4 23. Qe2 Qe7 24. gxh4 Qxh4 25. Qf3 Qg4+ 26. Qg3 Bf8 27. Ne2 f5 28. exf6 Nxf6
29. Bg6+ Kd7 30. Bd3 Bd6 31. Bf4 Bxf4 32. Nxf4 Rag8 33. Kh1 h4 34. Qe3 h3 35.
Rg1 Qh4 36. Qxe6+ Kd8 37. Ng6 Re8 38. Qf5 Qxd4 39. Nxh8 Rxh8 40. Rbe1 Rg8 41.
Rxg8+ Nxg8 42. Qf8+ Kd7 43. Bf5# 1-0

[Event "Canada Int. op U1500"]
[Site "Contrecoeur CAN"]
[Date "2022.10.08"]
[Round "3.58"]
[White "Luksza, Patrik"]
[Black "Creo, Jeremie-Thomas"]
[Result "1-0"]
[WhiteElo "1292"]
[BlackElo "1447"]
[PlyCount "65"]
[EventDate "2022.10.07"]
[EventType "swiss"]
[EventRounds "5"]
[EventCountry "CAN"]

1. e4 c5 2. Nc3 d6 3. f4 g6 4. Bc4 Bg7 5. d3 Bxc3+ 6. bxc3 Nc6 7. a3 Nf6 8. Nf3
e5 9. h3 h5 10. Ng5 d5 11. Ba2 Qd6 12. O-O Bg4 13. hxg4 hxg4 14. g3 Nh7 15.
Bxd5 Nxg5 16. fxg5 O-O-O 17. Rxf7 Ne7 18. Qxg4+ Kb8 19. Rb1 b6 20. Rf6 Qc7 21.
c4 Nxd5 22. cxd5 c4 23. Rc6 Qh7 24. Qf3 Qh2+ 25. Kf1 Rdf8 26. Rf6 Rxf6 27. gxf6
Qxc2 28. Ra1 Rh1+ 29. Qxh1 Qxd3+ 30. Kf2 Qc2+ 31. Kf3 b5 32. f7 Qc3+ 33. Be3
1-0

[Event "Canada Int. op U1500"]
[Site "Contrecoeur CAN"]
[Date "2022.10.08"]
[Round "3.59"]
[White "Breton, Jules"]
[Black "Sison, Hubert"]
[Result "0-1"]
[WhiteElo "1445"]
[BlackElo "1273"]
[PlyCount "90"]
[EventDate "2022.10.07"]
[EventType "swiss"]
[EventRounds "5"]
[EventCountry "CAN"]

1. Nf3 Nc6 2. d4 d5 3. e3 Bg4 4. Be2 Nf6 5. Nc3 e6 6. a3 a6 7. h3 Bh5 8. Ne5
Bxe2 9. Qxe2 Nxe5 10. dxe5 Nd7 11. O-O Nxe5 12. f4 Nc6 13. Na2 Be7 14. c3 O-O
15. Bd2 Na5 16. Be1 Nc4 17. b4 Nxa3 18. Bf2 Nc4 19. Rfd1 c6 20. e4 Qc7 21. e5
b5 22. Nc1 a5 23. Nd3 axb4 24. cxb4 Ra4 25. Rxa4 bxa4 26. Bc5 Bxc5+ 27. Nxc5 a3
28. Qa2 Ra8 29. Kh2 h6 30. Qe2 Qe7 31. g3 f6 32. Re1 fxe5 33. fxe5 Qg5 34. Nb3
Nxe5 35. Rf1 Nc4 36. Qf2 Qg6 37. Qa2 Rf8 38. Rxf8+ Kxf8 39. Qf2+ Qf6 40. Qc5+
Kf7 41. Qa7+ Kg6 42. Kg1 Qf3 43. Qf2 Qd1+ 44. Qf1 Qxb3 45. h4 Qxg3+ 0-1

[Event "Canada Int. op U1500"]
[Site "Contrecoeur CAN"]
[Date "2022.10.08"]
[Round "3.60"]
[White "Lambert, Denis"]
[Black "Lafontaine, Martin"]
[Result "0-1"]
[WhiteElo "1266"]
[BlackElo "1444"]
[PlyCount "54"]
[EventDate "2022.10.07"]
[EventType "swiss"]
[EventRounds "5"]
[EventCountry "CAN"]

1. e4 d6 2. d4 Nf6 3. Nc3 g6 4. Nf3 Bg7 5. Bc4 O-O 6. O-O Nxe4 7. Nxe4 d5 8.
Bd3 dxe4 9. Bxe4 Nd7 10. c3 Nf6 11. Bd3 Bg4 12. Re1 e6 13. Be3 Qe7 14. Bg5 h6
15. Bxf6 Qxf6 16. Be2 Rfd8 17. Ne5 Bf5 18. Bg4 c5 19. Bxf5 Qxf5 20. Qf3 cxd4
21. Qxf5 gxf5 22. Rad1 dxc3 23. Rxd8+ Rxd8 24. f4 c2 25. Kf1 Bxe5 26. fxe5 Rd1
27. Ke2 Rxe1+ 0-1

[Event "Canada Int. op U1500"]
[Site "Contrecoeur CAN"]
[Date "2022.10.08"]
[Round "3.62"]
[White "Jiha, Yussuf"]
[Black "Nadeem, Mustafa"]
[Result "1-0"]
[WhiteElo "1224"]
[BlackElo "1319"]
[PlyCount "87"]
[EventDate "2022.10.07"]
[EventType "swiss"]
[EventRounds "5"]
[EventCountry "CAN"]

1. e4 c5 2. Nf3 Nc6 3. d4 cxd4 4. Nxd4 e6 5. Be3 Nf6 6. f3 Bb4+ 7. c3 Ba5 8.
Qc2 h6 9. Nd2 Bb6 10. Nc4 d5 11. Nxb6 Qxb6 12. O-O-O O-O 13. Bg1 Qc7 14. Kb1
dxe4 15. fxe4 e5 16. Nb5 Qb8 17. Bc5 Bg4 18. Be2 Rd8 19. Bd6 Qc8 20. h3 Bxe2
21. Qxe2 a6 22. Na3 Qe6 23. Nc4 Nd7 24. Rd2 b5 25. Ne3 Nf6 26. Nf5 g6 27. g4
gxf5 28. gxf5 Qc4 29. Qg2+ Kh7 30. Re1 Rg8 31. Qf3 Rad8 32. b3 Nd4 33. cxd4 Qc6
34. dxe5 Ne8 35. Red1 f6 36. Qf4 fxe5 37. Qxe5 Nxd6 38. Rxd6 Rxd6 39. Qxd6
Qxe4+ 40. Qd3 Qe5 41. f6+ Kh8 42. f7 Rf8 43. Rg1 Qe7 44. Qd4+ 1-0

[Event "Canada Int. op U1500"]
[Site "Contrecoeur CAN"]
[Date "2022.10.08"]
[Round "3.65"]
[White "Gougeon, Patrick"]
[Black "Soskic, Milan"]
[Result "1/2-1/2"]
[WhiteElo "1181"]
[BlackElo "1260"]
[PlyCount "83"]
[EventDate "2022.10.07"]
[EventType "swiss"]
[EventRounds "5"]
[EventCountry "CAN"]

1. f4 Nf6 2. Nf3 g6 3. g3 b6 4. Bg2 Bb7 5. e3 Bg7 6. d4 O-O 7. O-O d6 8. c4
Nbd7 9. Qc2 e6 10. Nc3 Ng4 11. Ne4 f5 12. Nf2 Nxf2 13. Qxf2 Nf6 14. Qc2 Be4 15.
Qe2 d5 16. b3 c5 17. Bb2 Bxf3 18. Bxf3 Ne4 19. Bxe4 dxe4 20. dxc5 Bxb2 21. Qxb2
bxc5 22. Rad1 Qe7 23. Rf2 Rad8 24. Rfd2 a5 25. Qe5 Rxd2 26. Rxd2 Rd8 27. Rxd8+
Qxd8 28. Qxe6+ Kf8 29. Qd5 Qxd5 30. cxd5 Ke7 31. Kf2 Kd6 32. Ke2 Kxd5 33. Kd2
Kd6 34. Kc2 Kc6 35. a4 Kd6 36. h3 Kc6 37. Kc3 Kd5 38. Kc2 c4 39. Kc3 Kc5 40.
bxc4 h6 41. h4 h5 42. Kb3 1/2-1/2

[Event "Canada Int. op U1500"]
[Site "Contrecoeur CAN"]
[Date "2022.10.08"]
[Round "3.67"]
[White "Tremblay, Alain2"]
[Black "Hu, Richard"]
[Result "0-1"]
[WhiteElo "1204"]
[BlackElo "1201"]
[PlyCount "108"]
[EventDate "2022.10.07"]
[EventType "swiss"]
[EventRounds "5"]
[EventCountry "CAN"]

1. e4 c5 2. Nc3 d6 3. Nf3 Nc6 4. Bb5 Nf6 5. d3 Bg4 6. h3 Bd7 7. Bxc6 Bxc6 8.
O-O g6 9. Be3 Bg7 10. Qd2 h5 11. Ne2 c4 12. Bd4 e5 13. Be3 O-O 14. Bg5 Qc7 15.
Bxf6 Bxf6 16. Nc3 cxd3 17. cxd3 Bg7 18. Rac1 Qd7 19. Nd5 Bxd5 20. exd5 Qb5 21.
Rc4 Qxd5 22. b3 b5 23. Re4 f5 24. Re2 e4 25. dxe4 Qxd2 26. Rxd2 fxe4 27. Nh4
Rf6 28. Rd5 a6 29. Rfd1 Rd8 30. Rg5 Kf7 31. g3 Bh6 32. Rgd5 Ke6 33. Ng2 Rf5 34.
Rxf5 gxf5 35. Kf1 d5 36. Ke2 Ke5 37. f3 d4 38. f4+ Ke6 39. Nh4 d3+ 40. Kd2 Bg7
41. Ng2 b4 42. Ne3 Bd4 43. Nc4 Kd5 44. Ne3+ Bxe3+ 45. Kxe3 Rc8 46. Rd2 Rc1 47.
h4 Rf1 48. Rf2 Rxf2 49. Kxf2 Kd4 50. Ke1 e3 51. Kd1 d2 52. Ke2 Kc3 53. Kd1 e2+
54. Kxe2 Kc2 0-1

[Event "Canada Int. op U1500"]
[Site "Contrecoeur CAN"]
[Date "2022.10.08"]
[Round "3.68"]
[White "Ouellette, Daniel"]
[Black "Tremblay, Xavier"]
[Result "0-1"]
[WhiteElo "1258"]
[BlackElo "1146"]
[PlyCount "46"]
[EventDate "2022.10.07"]
[EventType "swiss"]
[EventRounds "5"]
[EventCountry "CAN"]

1. c4 e5 2. e4 Bc5 3. d3 Nc6 4. Be2 d6 5. Nf3 Nge7 6. O-O f5 7. Nc3 f4 8. Na4
Bg4 9. Nxc5 dxc5 10. b3 Bxf3 11. Bxf3 Nd4 12. Bh5+ g6 13. Be2 Qd6 14. Qd2 Rf8
15. f3 h5 16. g3 Nxe2+ 17. Qxe2 Qd4+ 18. Kg2 Qxa1 19. Bxf4 Qxf1+ 20. Kxf1 exf4
21. gxf4 O-O-O 22. Qe3 b6 23. e5 Rd4 0-1

[Event "Canada Int. op U1500"]
[Site "Contrecoeur CAN"]
[Date "2022.10.08"]
[Round "3.69"]
[White "Fournier, Mathieu"]
[Black "Perron, Bernard"]
[Result "1-0"]
[WhiteElo "1210"]
[BlackElo "1032"]
[PlyCount "103"]
[EventDate "2022.10.07"]
[EventType "swiss"]
[EventRounds "5"]
[EventCountry "CAN"]

1. e4 e6 2. d4 d5 3. Nc3 a6 4. Nf3 Nc6 5. a3 Be7 6. Bf4 f6 7. e5 h6 8. exf6
Bxf6 9. Ne5 Nxe5 10. Bxe5 c6 11. Qh5+ Kd7 12. O-O-O Bg5+ 13. f4 Qe8 14. Qxe8+
Kxe8 15. fxg5 hxg5 16. Bxg7 Rh7 17. Be5 Ke7 18. Bd3 Rf7 19. Rdf1 Nh6 20. h3 Bd7
21. Rxf7+ Nxf7 22. Rf1 Nxe5 23. dxe5 Rg8 24. Ne2 Be8 25. Kd2 g4 26. hxg4 Rxg4
27. Rf2 Rg5 28. Nf4 Rxe5 29. Ng6+ Bxg6 30. Bxg6 Kd6 31. g4 b6 32. Rg2 Rg5 33.
Bh5 c5 34. c3 b5 35. Rf2 Rg7 36. Rf8 Ra7 37. g5 a5 38. g6 Rg7 39. Rf7 Rxf7 40.
gxf7 Ke7 41. b4 axb4 42. axb4 c4 43. Ke3 e5 44. Bf3 Kxf7 45. Bxd5+ Ke7 46. Bc6
Kd6 47. Bxb5 Kd5 48. Bxc4+ Kd6 49. Ke4 Kc6 50. Kxe5 Kc7 51. Kd5 Kb6 52. Bf1 1-0